<?xml version="1.0" encoding="UTF-8"?>
<record
    xmlns:xsi="http://www.w3.org/2001/XMLSchema-instance"
    xsi:schemaLocation="http://www.loc.gov/MARC21/slim http://www.loc.gov/standards/marcxml/schema/MARC21slim.xsd"
    xmlns="http://www.loc.gov/MARC21/slim">

  <leader>00675nam a22001577a 4500</leader>
  <controlfield tag="003">OSt</controlfield>
  <controlfield tag="005">20150906142249.0</controlfield>
  <controlfield tag="008">150906b        xxu||||| |||| 00| 0 eng d</controlfield>
  <datafield tag="040" ind1=" " ind2=" ">
    <subfield code="c">RUA</subfield>
  </datafield>
  <datafield tag="082" ind1=" " ind2=" ">
    <subfield code="a">AGR &#x17A2;&#x17B6;&#x1793; 1992 B004 Or.1</subfield>
  </datafield>
  <datafield tag="100" ind1=" " ind2=" ">
    <subfield code="9">106</subfield>
    <subfield code="a">&#x17A2;&#x17B6;&#x1793; &#x1796;&#x17C1;&#x1787;&#x17D2;&#x179A;&#x17A0;&#x178F;&#x17D2;&#x178A;&#x178A;&#x17B6;</subfield>
  </datafield>
  <datafield tag="245" ind1=" " ind2=" ">
    <subfield code="a">&#x178F;&#x17BB;&#x179B;&#x17D2;&#x1799;&#x1797;&#x17B6;&#x1796;&#x179A;&#x179C;&#x17B6;&#x1784;&#x179F;&#x178F;&#x17D2;&#x179C;&#x179B;&#x17D2;&#x17A2;&#x17B7;&#x178F;&#x1785;&#x1784;&#x17D2;&#x179A;&#x17C3; &#x1793;&#x17B7;&#x1784;&#x200B;&#x200B; &#x179F;&#x178F;&#x17D2;&#x179C;&#x179B;&#x17D2;&#x17A2;&#x17B7;&#x178F;&#x1798;&#x17B6;&#x1793;&#x1794;&#x17D2;&#x179A;&#x1799;&#x17C4;&#x1787;&#x1793;&#x17CD;&#x179B;&#x17BE;&#x178A;&#x17C6;&#x178E;&#x17B6;&#x17C6;&#x179F;&#x17D2;&#x179A;&#x17BC;&#x179C; &#x179F;&#x17D2;&#x1790;&#x17B6;&#x1793;&#x17B8;&#x1799;&#x17CD;&#x1780;&#x17B6;&#x179A;&#x1796;&#x17B6;&#x179A;&#x178A;&#x17C6;&#x178E;&#x17B6;&#x17C6; &#x179F;&#x17D2;&#x1791;&#x17B9;&#x1784;&#x1798;&#x17B6;&#x1793;&#x1787;&#x17D0;&#x1799;</subfield>
  </datafield>
  <datafield tag="260" ind1=" " ind2=" ">
    <subfield code="a">Phnom Penh</subfield>
    <subfield code="b">RUA</subfield>
    <subfield code="c">1991</subfield>
  </datafield>
  <datafield tag="300" ind1=" " ind2=" ">
    <subfield code="a">106p.</subfield>
    <subfield code="b">ill.</subfield>
    <subfield code="c">29cm.</subfield>
  </datafield>
  <datafield tag="942" ind1=" " ind2=" ">
    <subfield code="2">ddc</subfield>
    <subfield code="c">AGR</subfield>
  </datafield>
  <datafield tag="999" ind1=" " ind2=" ">
    <subfield code="c">98</subfield>
    <subfield code="d">98</subfield>
  </datafield>
  <datafield tag="952" ind1=" " ind2=" ">
    <subfield code="0">0</subfield>
    <subfield code="1">0</subfield>
    <subfield code="2">ddc</subfield>
    <subfield code="4">0</subfield>
    <subfield code="6">AGR_&#x17A2;&#x17B6;&#x1793;_1992_000000000000000_B004_OR_1</subfield>
    <subfield code="7">0</subfield>
    <subfield code="9">274</subfield>
    <subfield code="a">LBB</subfield>
    <subfield code="b">LBB</subfield>
    <subfield code="c">B004</subfield>
    <subfield code="d">2015-09-06</subfield>
    <subfield code="l">3</subfield>
    <subfield code="m">1</subfield>
    <subfield code="o">AGR &#x17A2;&#x17B6;&#x1793; 1992 B004 Or.1</subfield>
    <subfield code="p">RUA003698</subfield>
    <subfield code="r">2025-10-27</subfield>
    <subfield code="s">2025-09-16</subfield>
    <subfield code="w">2015-09-06</subfield>
    <subfield code="y">AGR</subfield>
  </datafield>
  <datafield tag="952" ind1=" " ind2=" ">
    <subfield code="0">0</subfield>
    <subfield code="1">0</subfield>
    <subfield code="2">ddc</subfield>
    <subfield code="4">0</subfield>
    <subfield code="6">AGR_&#x17A2;&#x17B6;&#x1793;_1992_000000000000000_B004_OR_2</subfield>
    <subfield code="7">0</subfield>
    <subfield code="9">275</subfield>
    <subfield code="a">LBB</subfield>
    <subfield code="b">LBB</subfield>
    <subfield code="c">B004</subfield>
    <subfield code="d">2015-09-06</subfield>
    <subfield code="o">AGR &#x17A2;&#x17B6;&#x1793; 1992 B004 Or.2</subfield>
    <subfield code="p">RUA003999</subfield>
    <subfield code="r">2015-09-06</subfield>
    <subfield code="w">2015-09-06</subfield>
    <subfield code="y">AGR</subfield>
  </datafield>
  <datafield tag="952" ind1=" " ind2=" ">
    <subfield code="0">0</subfield>
    <subfield code="1">0</subfield>
    <subfield code="2">ddc</subfield>
    <subfield code="4">0</subfield>
    <subfield code="6">AGR_&#x17A2;&#x17B6;&#x1793;_1992_000000000000000_B004_OR_3</subfield>
    <subfield code="7">0</subfield>
    <subfield code="9">276</subfield>
    <subfield code="a">LBB</subfield>
    <subfield code="b">LBB</subfield>
    <subfield code="c">B004</subfield>
    <subfield code="d">2015-09-06</subfield>
    <subfield code="l">1</subfield>
    <subfield code="o">AGR &#x17A2;&#x17B6;&#x1793; 1992 B004 Or.3</subfield>
    <subfield code="p">RUA003994</subfield>
    <subfield code="r">2016-10-11</subfield>
    <subfield code="s">2016-10-04</subfield>
    <subfield code="w">2015-09-06</subfield>
    <subfield code="y">AGR</subfield>
  </datafield>
  <datafield tag="952" ind1=" " ind2=" ">
    <subfield code="0">0</subfield>
    <subfield code="1">0</subfield>
    <subfield code="2">ddc</subfield>
    <subfield code="4">0</subfield>
    <subfield code="6">AGR_&#x17A2;&#x17B6;&#x1793;_1992_000000000000000_B004_OR_4</subfield>
    <subfield code="7">0</subfield>
    <subfield code="9">277</subfield>
    <subfield code="a">LBB</subfield>
    <subfield code="b">LBB</subfield>
    <subfield code="c">B004</subfield>
    <subfield code="d">2015-09-06</subfield>
    <subfield code="l">3</subfield>
    <subfield code="m">1</subfield>
    <subfield code="o">AGR &#x17A2;&#x17B6;&#x1793; 1992 B004 Or.4</subfield>
    <subfield code="p">RUA003924</subfield>
    <subfield code="r">2018-05-08</subfield>
    <subfield code="s">2018-05-07</subfield>
    <subfield code="w">2015-09-06</subfield>
    <subfield code="y">AGR</subfield>
  </datafield>
  <datafield tag="952" ind1=" " ind2=" ">
    <subfield code="0">0</subfield>
    <subfield code="1">0</subfield>
    <subfield code="2">ddc</subfield>
    <subfield code="4">0</subfield>
    <subfield code="6">AGR_&#x17A2;&#x17B6;&#x1793;_1992_000000000000000_B004_OR_5</subfield>
    <subfield code="7">0</subfield>
    <subfield code="9">278</subfield>
    <subfield code="a">LBB</subfield>
    <subfield code="b">LBB</subfield>
    <subfield code="c">B004</subfield>
    <subfield code="d">2015-09-06</subfield>
    <subfield code="l">1</subfield>
    <subfield code="o">AGR &#x17A2;&#x17B6;&#x1793; 1992 B004 Or.5</subfield>
    <subfield code="p">RUA003630</subfield>
    <subfield code="r">2016-11-04</subfield>
    <subfield code="s">2016-09-22</subfield>
    <subfield code="w">2015-09-06</subfield>
    <subfield code="y">AGR</subfield>
  </datafield>
  <datafield tag="952" ind1=" " ind2=" ">
    <subfield code="0">0</subfield>
    <subfield code="1">0</subfield>
    <subfield code="2">ddc</subfield>
    <subfield code="4">0</subfield>
    <subfield code="6">AGR_&#x17A2;&#x17B6;&#x1793;_1992_000000000000000_B004_OR_6</subfield>
    <subfield code="7">0</subfield>
    <subfield code="9">279</subfield>
    <subfield code="a">LBB</subfield>
    <subfield code="b">LBB</subfield>
    <subfield code="c">B004</subfield>
    <subfield code="d">2015-09-06</subfield>
    <subfield code="l">3</subfield>
    <subfield code="o">AGR &#x17A2;&#x17B6;&#x1793; 1992 B004 Or.6</subfield>
    <subfield code="p">RUA003922</subfield>
    <subfield code="r">2019-07-15</subfield>
    <subfield code="s">2019-07-05</subfield>
    <subfield code="w">2015-09-06</subfield>
    <subfield code="y">AGR</subfield>
  </datafield>
  <datafield tag="952" ind1=" " ind2=" ">
    <subfield code="0">0</subfield>
    <subfield code="1">0</subfield>
    <subfield code="2">ddc</subfield>
    <subfield code="4">0</subfield>
    <subfield code="6">AGR_&#x17A2;&#x17B6;&#x1793;_1992_000000000000000_B004_OR_7</subfield>
    <subfield code="7">0</subfield>
    <subfield code="9">280</subfield>
    <subfield code="a">LBB</subfield>
    <subfield code="b">LBB</subfield>
    <subfield code="c">B004</subfield>
    <subfield code="d">2015-09-06</subfield>
    <subfield code="l">1</subfield>
    <subfield code="o">AGR &#x17A2;&#x17B6;&#x1793; 1992 B004 Or.7</subfield>
    <subfield code="p">RUA003936</subfield>
    <subfield code="r">2016-07-26</subfield>
    <subfield code="s">2016-07-08</subfield>
    <subfield code="w">2015-09-06</subfield>
    <subfield code="y">AGR</subfield>
  </datafield>
  <datafield tag="952" ind1=" " ind2=" ">
    <subfield code="0">0</subfield>
    <subfield code="1">0</subfield>
    <subfield code="2">ddc</subfield>
    <subfield code="4">0</subfield>
    <subfield code="6">AGR_&#x17A2;&#x17B6;&#x1793;_1992_000000000000000_B004_OR_8</subfield>
    <subfield code="7">0</subfield>
    <subfield code="9">281</subfield>
    <subfield code="a">LBB</subfield>
    <subfield code="b">LBB</subfield>
    <subfield code="c">B004</subfield>
    <subfield code="d">2015-09-06</subfield>
    <subfield code="l">5</subfield>
    <subfield code="o">AGR &#x17A2;&#x17B6;&#x1793; 1992 B004 Or.8</subfield>
    <subfield code="p">RUA003702</subfield>
    <subfield code="r">2019-07-12</subfield>
    <subfield code="s">2019-07-03</subfield>
    <subfield code="w">2015-09-06</subfield>
    <subfield code="y">AGR</subfield>
  </datafield>
</record>
